Flores de el yermo, pasmo de Egypto, assombro de el mundo, sol de el oriente... San Antonio Abad

Detalles Bibliográficos
Autor principal: CEBALLOS, Blas Antonio de
Formato: Libro
Publicado: Barcelona
Materias:
Colección:Banco de datos
Acervo:Biblioteca Nacional de Antropología e Historia. Fondo Conventual
Tema general:Hagiografía
Notas:Regular. XVIII,2,3.
LEADER 00743nam a22001930004500
035 |a 13018 
036 |a 564 
100 1 |a CEBALLOS, Blas Antonio de 
245 1 0 |a Flores de el yermo, pasmo de Egypto, assombro de el mundo, sol de el oriente... San Antonio Abad 
260 |a Barcelona  |b ed.Francisco de Ortuñot, imp. Francisco Cormellas 
500 |a Regular. XVIII,2,3. 
650 1 0 |a Hagiografía 
949 |a B.N.A.H. 
959 |a Biblioteca Nacional de Antropología e Historia. Ciudad de México  |b CCC1 
960 |a Colección General de B.N.A.H. de la ciudad de México  |b DD58 
961 |a Varias Ordenes Religiosas  |b VO 
942 |c B.N.A.H. 
943 |g Biblioteca Nacional de Antropología e Historia. Fondo Conventual 
999 |c 1037550  |d 1037550